Plus grandes forces navales du monde - Statistiques

Statistiques générales
  • Ce quiz a été pris 142 fois
  • Le résultat moyen est 13 sur 20
Statistiques - réponses
Nombre total de navires de guerre (forces de surfaces et sous marines Rang Pays % Correct
777 1 Chine
100%
484 3 Etats Unis
100%
180 16 France
99%
605 2 Russie
97%
295 8 Inde
92%
155 19 Japon
92%
234 13 Corée du Sud
80%
184 15 Italie
73%
156 18 Turquie
71%
450 5 Corée du Nord
70%
296 7 Indonésie
66%
245 12 Egypte
59%
316 6 Suède
54%
292 9 Thaïlande
49%
201 14 Algérie
48%
246 11 Finlande
41%
450 4 Colombie
26%
155 20 Myanmar (Birmanie)
20%
275 10 Sri Lanka
18%
170 17 Bolivie
7%
Aucun quiz correspondant
Distribution des résultats
% des personnes avec chaque résultat
Percentile par nombre de réponses
Votre historique - résultats
Vous n’avez pas pris ce quiz